| 000 | 00432nam a2200169Ia 4500 | ||
|---|---|---|---|
| 008 | 210210b1987 xxu||||| |||| 00| 0 eng d | ||
| 020 | _a0 8385 8435 7 | ||
| 082 | _a612 GANR | ||
| 100 | _aGANONG (William F). | ||
| 245 | _aReview of medical physiology. Ed 13. | ||
| 250 | _a | ||
| 260 |
_aCalifornia _bAppleton & Lange, _c1987 |
||
| 300 | _a665 | ||
| 650 | _aMedical Physiology | ||
| 690 | _aMedical Science | ||
| 906 | _a041452 | ||
| 999 |
_c91359 _d91359 |
||